000 00706 a2200217 4500
001 27138
005 20260407155548.0
008 260407a1973 arg spa d
003 AR-UNSa-BCEJYS
040 _aAR-UNSa-BCEJYS
_bspa
_cAR-UNSa-BCEJYS
080 _a347.736
_xQuiebra. Insolvencia. Suspensión de pagos. Bancarrota, procedimientos. Derecho Concursal
245 1 0 _aConcursos y sindicatura
_pLey 193551
264 1 _aBuenos Aires :
_bVíctor P. de Zavalía
_c1973
300 _a349 p.
_c23 cm.
505 _a1. Los concursos - 2. La sindicatura.
942 _cBK
590 _aniveau_biblio:m niveau_hierar:0
100 1 _aTarantino, Jacinto R.
650 _aLey 19.551
650 _a ley 19 551
999 _c1551
_d1551